Statistics for Neighborhood Councils of Guyana with a Map

Click here to take the quiz!

General Stats

  • This quiz has been taken 47 times
  • The average score is 39 of 108

Answers on the Map

Answers color-coded by a green-red scale on the quiz's map according to % correct below.
 

Answer Stats

Neighborhood% Correct
Georgetown
97%
New Amsterdam
61%
Anna Regina
55%
Bartica
55%
Linden
55%
Beterverwagting/Triumph
45%
Bush Lot/Adventure
45%
Cane Field/Enterprise
45%
John/Port Mourant
45%
Lethem
45%
Cane Grove
42%
Charity/Urasara
42%
Corriverton
42%
Enmore/Hope
42%
Evergreen/Paradise
42%
Hague/Blankenburg
42%
Jackson Creek/Crabwood Creek
42%
Mabaruma/Kumaka/Hosororo
42%
Mahdia/Kurubrong River/Mona Falls
42%
Mora/Parika
42%
Uitvlught/Tuschen
42%
Wakenaam
42%
Aberdeen/Zorg-en-Vlygt
39%
Bath/WoodleyPark
39%
Best/Klein Pouderoyen
39%
Better Hope/LBI
39%
Black Bush Polder
39%
Blairmont/Gelderland
39%
Buxton/Foulis
39%
Caledonia/Good Success
39%
Canals Polder
39%
Diamond/Golden Grove
39%
Eccles/Ramsburg
39%
Enfield/New Doe Park
39%
Good Hope/Hydronie
39%
Good Hope/Pomona
39%
Greenwich Park/Vergenoegen
39%
Hamlet/Chance
39%
Hampshire/Kilcoy
39%
Haslington/Grove
39%
Hogstye/Lancaster
39%
Industry/Plaisance
39%
Joppa/Macedonia
39%
Kwakwani
39%
Leguan
39%
No. 51 Village/Good Hope
39%
Rose Hall
39%
Ireng/Sawariwau
35%
La Jalousie/Nouvelle Flanders
35%
Little Diamond/Herstelling
35%
Mahaicony/Abary
35%
Malgre Tout/Meer Zorgen
35%
Mocha/Arcadia
35%
Nismes/La Grange
35%
No. 37/Kintyre
35%
No. 52/No. 74
35%
Profit/Rising Sun
35%
Riverston/Annandale
35%
Seafield/Temple
35%
Soesdyke/Huist Coverden
35%
Soesdyke/Linden Highway/Timehri
35%
Stewartville/Cornelia Ida
35%
Tarlogie/Maida
35%
Toevlugt/Patentia
35%
Union/Naarstigheid
35%
Unity/Vereeniging
35%
Whim/Bloomfield
35%
Woodlands/Bell Air
35%
Woodlands/Farm
35%
Zeelust/Rosignol
35%
Aishalton/Karaudanawa/Achiwib
32%
Amsterdam/Vriesland
32%
Matthews Ridge/Arakaka/Port Kaituma
32%
Ordnance/Fortlands
32%
Sand Creek/Dadanawa/Catunarib/Sawariwau
32%
Agatash
29%
Arau
29%
Barima/Amakura
29%
Berbice River Settlements
29%
Canal No. 2/The Belle/Little Alliance
29%
Chenapau River
29%
Coomaka Lands
29%
Corentyne River
29%
Demerara Conservancy
29%
East Bank Berbice
29%
Ituni
29%
Jawalla/Kubenang River
29%
Kaibarupai
29%
Kamarang/Kuku River
29%
Karambaru/Kukui River/Pipillipai
29%
Karasabai
29%
Man Repos/La Reconnaissance
29%
Paramakatoi
29%
Paruima
29%
Kopanang/Waipa/Kenepai
26%
Mabura Hills
26%
Makouria River
26%
Maripari River/Kurukabaru
26%
Marudi
26%
Monkey Mountain
26%
Sparta/Bonasika
26%
St. Cuthberts/Orange Nassau
26%
St. Francis Mission
26%
Toka/Jakaretinga
26%
Waini
26%
Waramadan
26%
West Bank Berbice
26%
Yakarinta/Wowetta/Surama
26%

Score Distribution

Percentile by Number Answered

Percent of People with Each Score

Your Score History

You have not taken this quiz